Remuneração E Salário (Record no. 2201)

MARC details
000 -Etiqueta do registo
Campo de controlo de comprimento fixo 00370 a2200169 4500
020 ## - ISBN (NÚMERO DE LIVRO PADRÃO INTERNACIONAL)
ISBN N/S
040 ## - Fonte de Catalogação
Agência de catalogação Biblioteca de Posgraduação- Universidade Lusíada de Angola
082 ## - DEWEY DECIMAL CLASSIFICATION NUMBER
Número de classificação 331.2
100 ## - Nome Pessoal
9 (RLIN) 1028
Autor Chimpolo , Joao Maria Funzi
245 ## - Declaração de Título
Título Remuneraȯ̂ E Salr̀io
260 ## - Publicação e Destribuíção
Editor/distribuidor S/E
300 ## - Descrição Física
Nº Pág. 49
301 ## - Outros Dados
Periódico técnico No
650 ## - MATERIA
MATERIA Recursos Humanos
670 ## - Acceso eletrónico
Acceso electrónico <a href="Remuneraȯ̂ E Salr̀io ">Remuneraȯ̂ E Salr̀io </a>
942 ## - - Elementos de entrada adicionados (koha)
Tipo de documento Livros eletrônicos
Holdings
Withdrawn status Lost status Source of classification or shelving scheme Damaged status Not for loan Permanent Location Current Location Date acquired Total Checkouts Date last seen Price effective from Koha item type
    Dewey Decimal Classification     Biblioteca Geral- Universidade Lusíada de Angola Biblioteca Geral- Universidade Lusíada de Angola 16/04/2026   16/04/2026 16/04/2026 Livros eletrônicos